00717nam a22002057a 450000500170000001000150001702000270003203500140005903700130007308200150008610000220010124500530012325000100017626000590018627000730024530000200031894200220033899900190036095201320037920230912150930.0 aENG-137918 c1055.00a9789357050487 aEN-121450 bDBAD/PUB a5122First aSharma, Om956445 aJEE Advanced Mathematics Algebra /cBy Om Sharma aFirst aNoidabPearson India Education Services Pvt Ltdc2024 aIst Floor, Berger Tower, Plot No C-001A/2 Sector 16B bNoidae201301 avpp.c28cm(pbk) 2ddccENh512mSHA c197726d197726 001040708NFICaCJbCJd2023-08-31eDBAD/PUBg1055.00l0oSHA 512pEN-121450r2023-08-31 00:00:00t1v1055.00w2023-08-31yEN